000 00840nam a2200229 a 4500
001 38916
003 BD-RjUL
005 20211209052901.0
008 160323s2012 bg ||||e |||| 000 0 ben d
020 _cTk 50.00
035 _a(BD-RjUL)39026
040 _aBD-RjUL
_bben
_cBD-RjUL
041 _aben
082 _223
_bUDR 2002
_a891.449
100 _aউদ্দিন, আমান
_9120101
245 1 0 _aরবীন্দ্রনাথ ও মুসলমান /
_cআমান উদ্দিন
260 _aসিলেট :
_bদিয়া প্রকাশ,
_c২০০২.
300 _a৪৭ পৃ. ;
_c২২ সেমি.
650 _aবাংলা সাহিত্য
_9120121
_xইতিহাস ও সমালোচনা
650 _aBengali Literature
_9120122
_xHistory and Criticism
942 _2ddc
_cBK
_02
999 _c38916
_d38916